Pokémon: Vivillon Countries Quiz - Statistics

General Stats
  • This quiz has been taken 126 times
    95 since last reset
  • The average score is 12 of 18
Answer Stats
Picture Hint Answer % Correct
Jungle Pattern Angola | Benin | Brazil | Brunei | Burundi | Cameroon | Central African Republic | Colombia | Costa Rica | Democratic Republic of the Congo | East Timor | Ecuador | Equatorial Guinea | France (French Guiana) | Gabon | Ghana | Guinea | Guyana | India | Indonesia | Ivory Coast | Liberia | Malaysia | Maldives | Nigeria | Panama | Papua New Guinea | Peru | Philippines | Republic of the Congo | Rwanda | São Tomé and Príncipe | Sierra Leone | Singapore | Sri Lanka | South Sudan | Suriname | Thailand | Togo | Venezuela | Vietnam
81%
Icy Snow Pattern Canada | Denmark (Greenland) | Finland | Norway | Russia | Sweden
79%
Polar Pattern Argentina | Canada | Chile | Finland (Åland) | Kazakhstan | Mongolia | North Korea | Norway | Russia | Sweden | United Kingdom (Falkland Islands) | United States
76%
Continental Pattern Afghanistan | Argentina | Belarus | Belgium | China | Czech Republic | Denmark | Estonia | France | Germany | India | Kyrgyzstan | Latvia | Lithuania | Netherlands | North Korea | Norway | Pakistan | Poland | Russia | South Korea | Sweden | Tajikistan | Ukraine
73%
Elegant Pattern Japan
73%
Sandstorm Pattern Afghanistan | Bahrain | Cyprus | Djibouti | Egypt | Eritrea | Ethiopia | Iran | Iraq | Israel | Jordan | Kenya | Kuwait | Oman | Pakistan | Qatar | Saudi Arabia | Somalia | South Sudan | Sudan | Syria | Tajikistan | Turkey | Turkmenistan | United Arab Emirates | Uzbekistan | Yemen
71%
Tundra Pattern Denmark (Faroe Islands) | Iceland | Japan | Norway | Russia (Kuril Islands)
68%
Archipelago Pattern Antigua and Barbuda | Bahamas | Barbados | Colombia | Cuba | Dominica | Dominican Republic | France (Guadeloupe, Martinique, Saint Barthélemy, Saint Martin) | Grenada | Haiti | Jamaica | Lesotho | Mexico | Netherlands (Aruba, Bonaire, Curaçao, Saba, Sint Eustatius, Sint Maarten) | Saint Kitts and Nevis | Saint Lucia | Saint Vincent and the Grenadines | South Africa | Trinidad and Tobago | United Kingdom (Anguilla, British Virgin Islands, Cayman Islands, Montserrat, Turks and Caicos Islands) | United States (Puerto Rico, U.S. Virgin Islands) | Venezuela
67%
High Plains Pattern Armenia | Azerbaijan | Canada | China | Georgia | Kazakhstan | Kyrgyzstan | Mexico | Mongolia | Russia | Turkmenistan |United States | Uzbekistan
67%
Monsoon Pattern Bangladesh | Bhutan | Cambodia | China | India | Japan (Okinawa) | Laos | Myanmar | Nepal | Pakistan | Philippines | Taiwan | Vietnam
64%
Modern Pattern Canada | United Kingdom (Bermuda) | United States
64%
River Pattern Algeria | Angola | Australia | Benin | Botswana | Burkina Faso | Cameroon | Chad | Egypt | Gambia | Ghana | Guinea | Guinea-Bissau | Lesotho | Libya | Mali | Mauritania | Morocco | Niger | Nigeria | Senegal | South Africa | Spain (Canary Islands) | Togo
60%
Garden Pattern Australia | Ireland | New Zealand | United Kingdom
57%
Meadow Pattern France | Germany | Italy | Liechtenstein | Luxembourg | Monaco | Spain | Switzerland
57%
Ocean Pattern Cape Verde | Federated States of Micronesia | Fiji | France (French Polynesia, Réunion) | Kiribati |Marshall Islands | Mauritius | Nauru | Palau | Papua New Guinea | Samoa | Seychelles | Solomon Islands | Tonga | Tuvalu | United Kingdom (Ascension, Saint Helena, Tristan da Cunha) | United States (State of Hawaii, Territories of American Samoa, Guam, Northern Mariana Islands) | Vanuatu
56%
Sun Pattern Angola | Australia | Belize | Burundi | Comoros | Costa Rica | El Salvador | Democratic Republic of the Congo | Eswatini | Ethiopia | France (Mayotte) | Guatemala | Honduras | Kenya | Madagascar | Mexico | Mozambique | Nicaragua | Rwanda | South Africa | South Sudan | Tanzania | Uganda | Zambia | Zimbabwe
52%
Marine Pattern Albania | Algeria | Andorra | Austria | Bosnia and Herzegovina | Bulgaria | Chile | Croatia | Czech Republic | Egypt | France | Greece | Hungary | Italy | Kosovo | Libya | Malta | Moldova | Montenegro | Morocco | North Macedonia | Portugal | Romania | Russia | San Marino | Serbia | Slovakia | Slovenia | Spain | Tunisia | Turkey | Ukraine | United Kingdom (Gibraltar) | Vatican City
51%
Savanna Pattern Argentina | Bolivia | Brazil | Paraguay | Peru | Uruguay
35%
No matching quizzes found
Score Distribution
Percent of People with Each Score
Percentile by Number Answered
Your Score History
You have not taken this quiz since the last reset